000 00568nam a2200205Ia 4500
005 20250508162657.0
008 008 250505s9999 xx 000 0 eng d
020 _a0-520-05201-3
037 _aTextual
040 _aFEDL
_beng
_cFEDL
041 _aeng
_2eng
084 _a157.9, WOD
_qFEDL
100 _aWodak Ruth
245 0 _aLanguage behavior in therapy groups
260 _aBerkeley
_bUniversity of California Press
_c1986
300 _axv,313p
650 _aAbnormal psychology
942 _cTEXL
_h157.9, WOD
999 _c1378002
_d1378002